| 000 | 00869 a2200253 4500 | ||
|---|---|---|---|
| 020 | _a0444515607 | ||
| 020 | _a9780444515605 | ||
| 082 | 0 | 4 | _a530.01 |
| 090 |
_c604 _d604 |
||
| 100 | _aButterfield, Jeremy | ||
| 245 | 1 | 0 |
_aPhilosophy of physics / _cJeremy Butterfield, John Earman, Dov M. Gabbay, Paul Thagard, John Woods. _nPart B |
| 250 | _a1st ed. | ||
| 260 |
_a[S.l.] : _bNorth Holland, _c2006. |
||
| 300 |
_amultiple paging _c25 cm. |
||
| 490 | 1 | _aHandbook of the philosophy of science. | |
| 700 | 1 | _aButterfield, Jeremy. | |
| 700 | 1 | _aEarman, John. | |
| 700 | 1 | _aGabbay, Dov M. | |
| 700 | 1 | _aThagard, Paul. | |
| 700 | 1 | _aWoods, John. | |
| 830 | 0 | _aHandbook of the philosophy of science. | |
| 942 |
_aSNS _cBK _k530.01 BUT |
||
| 999 |
_c29234 _d29234 |
||